000 00733nam a2200241 i 4500
003 DO-SdBNP
005 20250828130537.0
007 ta
008 250828t1999 dr a 000 0 spa d
040 _aDO-SdBNP
_bspa
_cBNPHU
_erda
041 _aspa
082 _axxxx
_bR426
_222
110 1 _aRepública Dominicana.
_bSecretaría de Estado de la Mujer
_938238
245 1 3 _aLa ley empieza en el hogar /
264 1 _aSanto Domingo :
_bSecretaría de Estado de la Mujer,
_c1999.
300 _a[12] páginas
_bilustraciones
_c27 cm.
336 _atexto
_btxt
_2rdacontent
337 _asin mediación
_bn
_2rdamedia
338 _avolumen
_bnc
_2rdacarrier
590 _aInventariado, 2025/ YL
910 _aYLockward
942 _2ddc
_cLF2
999 _c59842
_d59842